Visualizzazione normale
Vista MARC
- Power D.N., Chauvet L.M., Hintersteiner N., Verité J.B., Dillen A., Champagne E.,
di Personal Name
Records bibliografici associati: 1
001 - CONTROL NUMBER
- control field: 60904
003 - CONTROL NUMBER IDENTIFIER
- control field:
005 - DATE AND TIME OF LATEST TRANSACTION
- control field: 20240717152040.0
008 - FIXED-LENGTH DATA ELEMENTS
- fixed length control field: 240717|| aca||aabn | a|a d
040 ## - CATALOGING SOURCE
- Original cataloging agency:
- Transcribing agency:
100 ## - HEADING--PERSONAL NAME
- Personal name: Power D.N., Chauvet L.M., Hintersteiner N., Verité J.B., Dillen A., Champagne E.,
- Personal name: Schweitzer F., Vela J.A., Blasi A.J., Geffré C., Mangunsong F
670 ## - SOURCE DATA FOUND
- Source citation: Work cat.: ()242694: Lefebvre Solange, Ross Susan (a cura di) 60903, Le età della vita e l'esperienza cristiana, 2007